01695 a2200241 4500003000500000005001700005010001600022020001500038040000900053082001500062100002800077245010200105260003700207300002100244505093400265650002101199650002301220650002201243650003301265942001201298999001901310952012401329Nust20230307094745.0 a 76009336 a0224011618 cNust00a355.02,DIX1 aDixon, Norman F.94877810aOn the psychology of military incompetence /cNorman Dixon ; with a foreword by Shelford Bidwell. aNew York :bBasic Books,cc1976. a447 p. ;c22 cm. aIntroduction (Page-17), Generalship (Page-27), The Crimean War (Page-36), The Boer War (Page-52), Indian Interlude (Page-68), The First World War (Page-80), Cambria (page-86) The Siege of Kut (Page-95), Between the Wars (Page-110), The Second World War (Page-123), Singapore (Page-130), Arnhem (Page-145), Is there a Case to Answer (Page-151), The Intellectual Ability of senior Military Commanders (Page-157), Military Organizations (Page-169), bullshit (Page-176), Socializations and the Anal Character (Page-186), Character and Honour (Page-196), Anti-Effeminacy (Page-208), Leaders of Men (Page-214), Militry achievement (Page-238), Authoritarianism (Page-256), Mother of Incompetence (Page-280), Education and the Cult of Muscular Christianity (Page-288),Individual Differences (Page-305), Extremes of Authoritarianism (Page-309), The Worst and the Best (Page-318), Exceptions to the Rule ? (Page-354), Retreat (Page-393). 0aGenerals.937930 0aMilitarism.948779 0aMilitary history. 0aPsychology, Military.948633 2ddccBK c185272d185272 00102ddc4070aMCSbMCScGENd2016-12-12o355.02,DIXpMCS21861r2016-12-08w2016-12-12yBKzAlmirah No.73, Shelf No.8